History of the United States during the Administrations of Jefferson and Madison

The book covers the chief evemts of Madison's administrations, concentrating on the War of 1812 and its consequences. Its deals with the " imbecility " of the 11th Congress, The War itself, the Hartford Convention, and the triump of union over disunion within his central theme: the ri...

Descripción completa

Guardado en:
Detalles Bibliográficos
Autor principal: Adams, Henry
Formato: Libro
Lenguaje:Undetermined
Publicado: Englewood Cliffs, New Jersey Prentice-Hall 1963
Etiquetas: Agregar Etiqueta
Sin Etiquetas, Sea el primero en etiquetar este registro!
Thư viện lưu trữ: Trung tâm Học liệu Trường Đại học Cần Thơ
LEADER 00871nam a2200181Ia 4500
001 CTU_40884
008 210402s9999 xx 000 0 und d
082 |a 973.51 
082 |b A213/T.2 
100 |a Adams, Henry 
245 0 |a History of the United States during the Administrations of Jefferson and Madison 
245 0 |c Henry Adams 
260 |a Englewood Cliffs, New Jersey 
260 |b Prentice-Hall 
260 |c 1963 
520 |a The book covers the chief evemts of Madison's administrations, concentrating on the War of 1812 and its consequences. Its deals with the " imbecility " of the 11th Congress, The War itself, the Hartford Convention, and the triump of union over disunion within his central theme: the rise, decline, and renewal of democratic nationalism. 
904 |i Minh, Giang sửa 
980 |a Trung tâm Học liệu Trường Đại học Cần Thơ